Escritos

Kaydedildi:
Detaylı Bibliyografya
Yazar: Giacometti, Alberto (Yazar)
Materyal Türü: Kitap
Dil:İspanyolca
Baskı/Yayın Bilgisi: Madrid Síntesis 2009
Seri Bilgileri:El Espíritu y la Letra, 34
Konular:
Etiketler: Etiketle
Etiket eklenmemiş, İlk siz ekleyin!

MARC

LEADER 00000nam a2200000 a 4500
001 UCH9949
003 CL-VaPUC
008 100304e20090000SP |||||||||||||||||spa|d
020 |a 9788497566612 
082 0 4 |a 730.92  |b GIA  |2 21 
100 0 |a Giacometti, Alberto  |e author  |9 268709 
245 1 0 |a Escritos 
300 |a 600 p 
942 |c BK 
945 |d 20100304 00:00:00  |a cmena 
260 |a Madrid  |b Síntesis  |c 2009 
650 7 |a ESCULTORES SUIZOS  |2 CL-VaPUC  |9 268710 
650 0 |a Filosofía del arte  |9 264951 
650 0 |a Estética   |9 264950 
650 0 |a Biografías  |9 255210 
583 |a last modification  |c 20100304 00:00:00  |k Rodrigo Vera 
490 0 |a El Espíritu y la Letra, 34 
999 |c 339771  |d 339769 
952 |0 0  |1 0  |4 0  |6 730_920000000000000_GIA_2009  |7 0  |8 R  |9 433619  |a BIBART  |b BIBART  |d 2019-11-22  |i 4644174  |l 1  |o 730.92 GIA 2009  |p 4644174  |r 2025-03-13  |s 2023-10-11  |w 2019-11-22  |y BK_R  |k ART